MDQL
is popping MORE tags! Check the
thread
!
Quizzes
Events
Quiz Creation
Community
Videos
Private Events
Remove Ads
Sign In
Join for FREE
Feedback
Dark Mode
Quiz Categories
Sports
Geography
Music
Movies
Television
Just For Fun
Miscellaneous
History
Literature
Language
Science
Gaming
Entertainment
Religion
Holiday
For Kids
Quiz Lab
Recent
Popular Today
Quiz Kudos Today
Editor Picks
Curator Picks
Quizzes by...
Day
Popularity
Type
Ratings
Length
Year
Community
Subscriptions
Recent Discussions
Orange Saloon
Badges
Playlists
Quests
Create
Leaderboards
Showdown
Live 5
Trivia Bingo
Activity
Puzzle Library
Sporcle Events
Private Events
Virtual Trivia
Globe League
Become a Host
Pub Owners
SporcleCon
Opinionation
Our Games
Videos
Blog
Mobile Apps
Partnerships
Remove Ads and Go Orange
Feedback
Music
Pop Music
The Beatles
Song
Album
Lyrics
Bands
Singers
Artist
Clip
Rock
Rap
Classical
Billboard
Country Music
Kpop
Taylor Swift
Music
Pop Music
The Beatles
Song
Album
Lyrics
Bands
Singers
Artist
Clip
Rock
Rap
Classical
Billboard
Country Music
Kpop
Taylor Swift
Random Quiz
Search Sporcle
×
Quiz Lab
Quiz Lab
Music
Song
Type in answers that appear in a list
Type in answers that appear in a list
Classic
Best Score? Go Orange.
Name the song Stats
Can you name the name the song based on its lyrics?
By
B_smoove
5m
20 Questions
144 Plays
144 Plays
144 Plays
Comments
Comments
Give Quiz Kudos
Give Quiz Kudos
-
- Ratings
hide this ad
Replay
Link that replays current quiz
Next Quiz
Link to next quiz in quiz playlist
You Got
0%
They Got
Avg Score
13%
Avg Friend Score
Upgrade to see
Score Distribution
Jump to the score distribution portion of the page
Score
0/20
Timer
05:00
0
Plays Today
Lyrics
Song Title
% Correct
I was down at the New Amsterdam staring at this yellow-
haired girl Mr. Jones strikes up a conversation with this black-
haired flamenco dancer
Mr. Jones by Counting Crows
74.3%
And I'm here to remind you of the mess you left when you went away It's not fair to deny me of the cross I bear that you gave to me
You Oughta Know by Alanis Morissette
32.6%
Touching you, touching me, touching you yeah you're touching me
I believe in a thing called love by the Darkness
30.6%
So I guess the fortune tellers right, I should have seen just what was there and not some holy light, but you crawled beneath my veins and now, I don't care, I have no luck
Torn by Natalie Imbruglia
20.1%
I can make new antibiotics I can make computers survive aquatic conditions I know how to run a business and I can make you wanna buy a product
No Handlebars by Flobots
13.2%
Man I got summer hating on me cause I'm hotter than the sun, spring hating on me cause I ain't never sprung
Mr. Carter by Lil Wayne
11.8%
I can't escape this hell, so many times I've tried, but I'm still caged inside, somebody get me through this nightmare, I can't control myself
Animal I have Become by Three Days Grace
11.8%
Oh now feel it comin' back again like a rollin' thunder chasing the wind, forces pullin' from the center of the earth again, I can feel it
Lightning Crashes by Live
10.4%
Lights is blinding, girls need blinders so they can step out of bounds quick, the side lines is blind with casualties
Empire State of Mind by Jay-Z
9.7%
Young girl don't cry I'll be right here when your world starts to fall, young girl it's alright your tears will dry, you'll soon be free to fly
The Voice Within by Christina Aguilera
8.3%
Lyrics
Song Title
% Correct
Hold me now I'm six feet from the edge and I'm thinking that maybe six feet ain't so far down
One Last Breath by Creed
8.3%
It ain't no joke when a mama's handkerchief is soaked with her tears because her baby's life has been revoked the bond is broke up so choke up and focus on the close up
Walking on the Sun by Smashmouth
6.9%
Alright ok, tonight your having me your way perfume, spray it there put our love in the air, now put me right next to you finna raise the temp in the room
Bed by J. Holliday
5.6%
Echo fading, candle blow, did you flash out long ago, cross my fingers, I don't know someone poked you down below
Graduate by Third Eye Blind
5.6%
Has our conscience shown? Has the sweet breeze blown? Has the kindness gone? Hope still lingers on
The World I know by Collective Soul
4.9%
I have five clocks in my life and only one has the time right, i’ll just unplug it for today, ill just unplug it for today
Daylight by Matt and Kim
3.5%
It ain't worth it I can't think of a perfecter way to word it, then to just say that I love ya'll too much to see the virdict
Like Toy Soldiers by Eminem
2.8%
I ain't play the hand I was dealt, I changed my cards I prayed to the skies and I changed my stars I went to the malls and I balled too hard
Last Call by Kanye West
2.1%
As deep as the abyss where the waters run as deep as the land of the rising sun you know I'm down even when them odds are against us it doesn't even matter nothing else matters
Friends and Family by Trik Turner
1.4%
She got a bubble gum cap with a Gucci dat's snappin' with some rhino legs and a booty that's flappin'
Good Googly Moogly by Project Pat
1.4%
Quiz Playlist
Details
Report
Send in Message
Add To Playlist
Classic:
Type in answers that appear in a list
Last Updated: Feb 16, 2017
Quiz Scoreboard
CHALLENGE
Sign Up to Join the Scoreboard
Show All
Scores
Hide
Comments
May contain spoilers
Recently Published
Two Season TV Shows II
by 123Four
Television
10m
Image Sorting: Flags VI
by Barbecue
Geography
2m
Find the 'City' Movie
by crazypaving
Movies
60s
More to Explore
Quiz From the Vault
Featured Blog Post
14 Easter Pick-up Lines to Find Eggs With
hide this ad
You Might Also Like...
Tags
Lyrics Quiz
Song Quiz
Today's Top Quizzes in Music
Browse Music
hide this ad
Today's Top Quizzes in Song
Browse Song
Top Contributed Quizzes in Music
1
5X2 Blitz: Bands II
2
5X2 Blitz: The Beatles
3
Taylor Swift All Songs (2024)
4
5X2 Blitz: Billboard
5
5X2 Blitz: Billboard II
6
5X2 Blitz: Album
7
5X2 Blitz: Singers
8
5X2 Blitz: Rock
9
Music Artist by Three 2010s hits
10
5X2 Blitz: Lyrics
Explore More
Trending Topics
Marvel
Disney
NBA
Anime
Crossword
Kpop
Harry Potter
Pokémon
The Office
NFL
Puzzle
WWE
Country
Soccer
Song
hide this ad
More By:
B_smoove
Quiz
Plays
Rating
Category
Featured
Created
Riddles
5,893
2.36
Miscellaneous
Sep 26, 2009
Speed Typing; Type EXACTLY what you see
3,888
3.11
Miscellaneous
Oct 10, 2009
Top 10 Most Common Phobias
883
1.75
Miscellaneous
Oct 18, 2009
Islands of Hawaii
753
3.33
Geography
Nov 6, 2009
'B' Teams
531
2.67
Sports
Sep 28, 2009
Go to Creator's Profile
Score Distribution
Quiz Creator Spotlight
B_smoove
Follow
Send a Message
Quizzes Created
-
Created Quiz Play Count
-
More By This Creator
Popular Quizzes Today
1
Find the US States - No Outlines Minefield
2
Colored Red Africa Blitz
3
Find the 'City' Movie
4
5x2 Blitz: Bands
5
The Countries of the World
6
Find the Countries of Europe - No Outlines Minefield
7
Find the US States
8
US States
More Music Quizzes
Woodstock Bands
Published
Trending Quizzes
Colored Red Europe Blitz I
Colored Red Africa Blitz II
Colored Red Europe Blitz II
Colored Red Africa Blitz III
Colored Red Europe Blitz III
Recently Updated
How Do You Spell That?
pecheneg
Godzilla Movies
pecheneg
Grab Bag: 4-10 Letters
pecheneg
2024 March Madness Bracket
pecheneg
Famous TV Couples
Peacemaker
Champions League XIs: Real Madrid
pecheneg
Largest US Cities 1790-2010
pecheneg
Rides in Walt Disney World
pecheneg
Most Oscar Losses (Acting)
pecheneg
Beyoncé Albums
pecheneg
Trending Topics
Crossword
Marvel
Harry Potter
Disney
Anime
Kpop
NBA
The Office
Soccer
Song
Country
WWE
NFL
Pokémon
Puzzle
Your Account Isn't Verified!
In order to create a playlist on Sporcle, you need to verify the email address you used during registration. Go to your
Sporcle Settings
to finish the process.
Report this User
Report this user for behavior that violates our
Community Guidelines
.
Details:
Send Report
Go to the Sporcle.com Mobile Site →
Comments